000 00862nam a22002897a 4500
003 CHAP
005 20220329135641.0
008 971013s1953 r 00010 d
010 _a39947
011 _a40919
035 _a45045
040 _cCHAP
082 _a636.4
_bF58 1953
100 0 0 _aFishwick, V. C.
_941123
245 _aPigs, their breding, feeding and management
250 _a5 ed.
260 _aLondon :
_bCrosby Lockwood,
_c1953
300 _a227 p.
_b: ilus.
590 _aBATCH-UPD
_b10
_c20130110
_lUCH01
_h0328
590 _aBATCH-UPD
_b10
_c20130110
_lUCH01
_h2315
590 _aCONVERSION
_b10
_c20130109
_lUCH01
_h1322
650 1 4 _aGanado porcino.
_945328
901 _aBK
942 _cLIBRO
949 _a636.4 F58 1953
_bBC
_cBPA
_d-103115
_eBPA
_h24608
_i45045
_si
949 _a636.4 F58 1953
_bBC
_cBPA
_d-103116
_eBPA
_fc.2
_h14764
_i45045
_si
999 _c39947
_d39947